תגי יחידות, סמלים וסיכות בצה"ל 8 - Statistics

General Stats
  • This quiz has been taken 2 times
  • The average score is 7 of 16
Answer Stats
Picture Answer % Correct
סיכת לוחם שריון
100%
תוכנית ארז
50%
קריית ההדרכה (עיר הבה"דים)
50%
סיכת לוחם הנדסה קרבית
50%
סיכת סיירת גולני
50%
סיכת חיל הלוגיסטיקה
50%
עוצבת געש
50%
סיכת משא"ן
50%
סיכת טבח צבאי
50%
סיירת חרוב (כפיר)
50%
סיכת יחידת הרפאים
50%
גדוד איתם (איסוף קרבי)
50%
בית הספר להגנת הגבולות
50%
סיכת רופא צבאי
0%
עוצבת הפלדה
0%
עוצבת הבזק
0%
No matching quizzes found
Score Distribution
Percent of People with Each Score
Percentile by Number Answered
Your Score History
You have not taken this quiz